Textos estéticos / (Record no. 22917)
[ view plain ]
| 000 -CABECERA | |
|---|---|
| campo de control de longitud fija | 00572nam a2200181 a 4500 |
| 001 - NÚMERO DE CONTROL | |
| campo de control | 000023420 |
| 005 - FECHA Y HORA DE LA ÚLTIMA TRANSACCIÓN | |
| campo de control | 20200930022215.0 |
| 008 - DATOS DE LONGITUD FIJA--INFORMACIÓN GENERAL | |
| campo de control de longitud fija | 101207s1983 cl r 000 0 spa d |
| 040 ## - FUENTE DE LA CATALOGACIÓN | |
| Centro catalogador/agencia de origen | DO-SdBNP |
| Lengua de catalogación | spa |
| Centro/agencia transcriptor | BNPHU |
| 082 ## - NÚMERO DE LA CLASIFICACIÓN DECIMAL DEWEY | |
| Número de clasificación | xxxxx |
| Número de documento/Ítem | K167t |
| 049 ## - FONDOS LOCALES (OCLC) | |
| Fondos de biblioteca | BNGR |
| 100 1# - ENTRADA PRINCIPAL--NOMBRE DE PERSONA | |
| Nombre de persona | Kant, Immanuel |
| 9 (RLIN) | 14886 |
| 245 10 - MENCIÓN DE TÍTULO | |
| Título | Textos estéticos / |
| Mención de responsabilidad, etc. | Immanuel Kant ; edición y traducción Pablo Oyarzun R. |
| 260 ## - PUBLICACIÓN, DISTRIBUCIÓN, ETC. | |
| Lugar de publicación, distribución, etc. | Santiago, Chile : |
| Nombre del editor, distribuidor, etc. | Andres Bello, |
| Fecha de publicación, distribución, etc. | 1983. |
| 300 ## - DESCRIPCIÓN FÍSICA | |
| Extensión | 363 p. ; |
| Dimensiones | 18 cm. |
| 500 ## - NOTA GENERAL | |
| Nota general | Incluye notas al pie de las páginas. |
| 700 1# - PUNTO DE ACCESO ADICIONAL--NOMBRE DE PERSONA | |
| Nombre de persona | Oyarzun R., Pablo, |
| Término indicativo de función/relación | ed. |
| -- | tr. |
| 9 (RLIN) | 48259 |
| Estado de retiro | Estado de pérdida | Restricciones de uso | No para préstamo | Código de colección | Localización permanente | Ubicación/localización actual | Ubicación en estantería | Fecha de adquisición | Número de inventario | Total de préstamos | Signatura topográfica completa | Código de barras | Fecha visto por última vez | Precio válido a partir de | Tipo de ítem Koha |
|---|---|---|---|---|---|---|---|---|---|---|---|---|---|---|---|
| Monografías: Libros y Folletos | General | General | En catalogación | 07.12.2010 | LF1 | xxxxx K167t | 23420-10 | 25.06.2020 | 25.06.2020 | Préstamo en sala |
